[Event "Irkutsk Baykal op"]
[Site "Irkutsk"]
[Date "2016.07.06"]
[Round "6"]
[White "Kalashnikov, Roman"]
[Black "Tatarnikova, Ekaterina"]
[Result "0-1"]
[WhiteElo "1229"]
[BlackElo "1443"]
[PlyCount "42"]
[EventDate "2016.07.02"]
[EventType "swiss"]
[EventRounds "9"]
[EventCountry "RUS"]
[SourceTitle "EXT 2019"]
[Source "ChessBase"]
[SourceDate "2018.10.10"]
[SourceVersion "1"]
[SourceVersionDate "2018.10.10"]
[SourceQuality "1"]

1. e4 e5 2. Nf3 Nf6 3. Nc3 Nc6 4. Bb5 Bb4 5. d3 d6 6. Bd2 Bg4 7. Qe2 0-0 8. h3 Bh5 9. 0-0-0 Nd4 10. Qe3 Bxc3 11. Bxc3 Nxb5 12. g4 Bg6 13. g5 Nh5 14. Bd2 Nf4 15. Rdg1 Bh5 16. Rg3 Nd4 17. Re1 Nxf3 18. Rxf3 Ng2 19. Qe2 Nxe1 20. Bxe1 Bxf3 21. Qxf3 Qxg5+ 0-1